[Event "English Womens Championships 2024"]
[Site "Kenilworth, United Kingdom"]
[Date "2024.06.22"]
[Round "5.2"]
[White "Mirzoeva, Elmira"]
[Black "Hunt, Harriet V"]
[Result "1-0"]
[TimeControl "G:90 minutes + 30 seconds added per move"]
[WhiteFideId "4127951"]
[BlackFideId "403512"]
[WhiteElo "2260"]
[BlackElo "2313"]

1. d4 {[%clk 01:30:56]} {[%emt 00:00:03]} Nf6 {[%clk 01:30:52]} {[%emt
00:00:09]} 2. c4 {[%clk 01:31:09]} {[%emt 00:00:17]} e6 {[%clk 01:31:15]}
{[%emt 00:00:07]} 3. Nf3 {[%clk 01:31:18]} {[%emt 00:00:21]} b6 {[%clk
01:31:34]} {[%emt 00:00:11]} 4. g3 {[%clk 01:31:26]} {[%emt 00:00:22]} Ba6
{[%clk 01:31:51]} {[%emt 00:00:13]} 5. Qb3 {[%clk 01:31:25]} {[%emt 00:00:31]}
Nc6 {[%clk 01:28:14]} {[%emt 00:04:07]} 6. Nbd2 {[%clk 01:30:45]} {[%emt
00:01:10]} Na5 {[%clk 01:18:09]} {[%emt 00:10:35]} 7. Qc3 {[%clk 01:29:53]}
{[%emt 00:01:21]} c5 {[%clk 01:13:55]} {[%emt 00:04:45]} 8. dxc5 {[%clk
01:29:31]} {[%emt 00:00:52]} bxc5 {[%clk 01:14:11]} {[%emt 00:00:14]} 9. e4
{[%clk 01:29:26]} {[%emt 00:00:35]} d6 {[%clk 01:12:25]} {[%emt 00:02:17]} 10.
a3 {[%clk 01:17:58]} {[%emt 00:11:57]} Bb7 {[%clk 01:08:07]} {[%emt 00:04:48]}
11. b4 {[%clk 01:17:49]} {[%emt 00:00:39]} Nc6 {[%clk 01:08:06]} {[%emt
00:00:32]} 12. b5 {[%clk 01:08:44]} {[%emt 00:09:34]} Nb8 {[%clk 01:00:22]}
{[%emt 00:08:14]} 13. Qc2 {[%clk 01:03:11]} {[%emt 00:06:01]} g6 {[%clk
00:50:34]} {[%emt 00:10:20]} 14. Bb2 {[%clk 01:01:03]} {[%emt 00:02:38]} Bg7
{[%emt 00:00:59]} 15. Bg2 {[%clk 01:00:44]} O-O {[%clk 00:51:06]} {[%emt
00:00:19]} 16. O-O {[%clk 00:58:33]} {[%emt 00:02:40]} Nbd7 {[%clk 00:49:51]}
{[%emt 00:01:45]} 17. Rfe1 {[%clk 00:47:26]} {[%emt 00:11:37]} e5 {[%clk
00:41:52]} {[%emt 00:08:28]} 18. Rad1 {[%clk 00:43:22]} {[%emt 00:04:34]} Qc7
{[%clk 00:38:46]} {[%emt 00:03:36]} 19. Nb1 {[%clk 00:40:33]} {[%emt 00:03:19]}
Nb6 {[%clk 00:37:48]} {[%emt 00:01:28]} 20. Nfd2 {[%clk 00:38:39]} {[%emt
00:02:24]} Ne8 {[%clk 00:35:59]} {[%emt 00:02:20]} 21. Nc3 {[%clk 00:32:18]}
{[%emt 00:06:50]} Bh6 {[%clk 00:33:23]} {[%emt 00:03:07]} 22. Qd3 {[%clk
00:31:26]} {[%emt 00:01:22]} Ng7 {[%clk 00:31:34]} {[%emt 00:02:18]} 23. a4
{[%clk 00:26:58]} {[%emt 00:04:58]} a5 {[%clk 00:27:43]} {[%emt 00:04:22]} 24.
Nf1 {[%clk 00:23:08]} {[%emt 00:04:20]} Ne6 {[%clk 00:25:01]} {[%emt 00:03:11]}
25. Ne3 {[%clk 00:23:18]} {[%emt 00:00:20]} Nd4 {[%clk 00:24:24]} {[%emt
00:01:08]} 26. Ned5 {[%clk 00:22:47]} {[%emt 00:01:01]} Nxd5 {[%clk 00:23:57]}
{[%emt 00:00:56]} 27. Nxd5 {[%clk 00:20:29]} {[%emt 00:02:49]} Bxd5 {[%clk
00:23:41]} {[%emt 00:00:46]} 28. exd5 {[%clk 00:19:33]} {[%emt 00:01:25]} f5
{[%clk 00:23:38]} {[%emt 00:00:33]} 29. f3 {[%clk 00:19:01]} {[%emt 00:01:02]}
Rfe8 {[%clk 00:22:20]} {[%emt 00:01:49]} 30. Bc3 {[%clk 00:19:07]} {[%emt
00:00:23]} Re7 {[%clk 00:21:56]} {[%emt 00:00:55]} 31. Rb1 {[%clk 00:19:25]}
{[%emt 00:00:12]} Qb6 {[%clk 00:22:06]} {[%emt 00:00:20]} 32. h4 {[%clk
00:10:44]} {[%emt 00:09:11]} Rae8 {[%clk 00:20:55]} {[%emt 00:01:41]} 33. Kh2
{[%clk 00:10:44]} {[%emt 00:00:29]} Rf8 {[%clk 00:19:40]} {[%emt 00:01:46]} 34.
f4 {[%clk 00:09:33]} {[%emt 00:01:41]} Bg7 {[%clk 00:18:22]} {[%emt 00:01:47]}
35. Qd2 {[%clk 00:09:33]} {[%emt 00:00:30]} Ra8 {[%clk 00:18:49]} {[%emt
00:00:04]} 36. Re3 {[%clk 00:05:46]} {[%emt 00:04:17]} Raa7 {[%clk 00:18:18]}
{[%emt 00:01:00]} 37. Rbe1 {[%clk 00:06:07]} {[%emt 00:00:09]} Bf6 {[%clk
00:17:49]} {[%emt 00:01:00]} 38. fxe5 {[%clk 00:06:12]} {[%emt 00:00:25]} Bxe5
{[%clk 00:17:48]} {[%emt 00:00:31]} 39. Rd3 {[%clk 00:04:51]} {[%emt 00:01:49]}
Kg7 {[%clk 00:14:13]} {[%emt 00:04:06]} 40. Kh3 {[%clk 00:04:18]} {[%emt
00:01:04]} Rf7 {[%clk 00:12:19]} {[%emt 00:02:24]} 41. Rf1 {[%clk 00:03:27]}
{[%emt 00:01:20]} Qd8 {[%clk 00:12:15]} {[%emt 00:00:35]} 42. Rf2 {[%clk
00:01:44]} {[%emt 00:02:12]} Kg8 {[%clk 00:12:17]} {[%emt 00:00:29]} 43. Rf1
{[%clk 00:02:01]} {[%emt 00:00:13]} Qb6 {[%clk 00:11:14]} {[%emt 00:01:32]} 44.
Rf2 {[%clk 00:02:21]} {[%emt 00:00:10]} Qd8 {[%clk 00:06:18]} {[%emt 00:05:27]}
45. Rf1 {[%clk 00:02:42]} {[%emt 00:00:08]} Qc8 {[%clk 00:05:41]} {[%emt
00:01:08]} 46. Kh2 {[%clk 00:01:47]} {[%emt 00:01:25]} f4 {[%clk 00:05:04]}
{[%emt 00:01:06]} 47. Bh3 {[%clk 00:00:49]} {[%emt 00:01:28]} fxg3+ {[%clk
00:04:07]} {[%emt 00:01:27]} 48. Kg2 {[%clk 00:01:18]} Qf8 {[%clk 00:04:21]}
{[%emt 00:00:16]} 49. Rxf7 {[%clk 00:01:30]} {[%emt 00:00:19]} Rxf7 {[%clk
00:04:47]} {[%emt 00:00:04]} 50. Bxd4 {[%clk 00:01:57]} {[%emt 00:00:03]} cxd4
{[%clk 00:04:09]} {[%emt 00:01:07]} 51. Be6 {[%clk 00:02:26]} {[%emt 00:00:01]}
Kg7 {[%clk 00:04:24]} {[%emt 00:00:16]} 52. Bxf7 {[%clk 00:02:52]} {[%emt
00:00:04]} Qxf7 {[%clk 00:04:51]} {[%emt 00:00:03]} 53. b6 {[%clk 00:00:58]}
{[%emt 00:02:24]} Qe7 {[%clk 00:04:21]} {[%emt 00:01:00]} 54. Rxd4 {[%clk
00:00:36]} {[%emt 00:00:52]} Qb7 {[%clk 00:04:34]} {[%emt 00:00:17]} 55. Re4
{[%clk 00:00:36]} {[%emt 00:00:27]} Qxb6 {[%clk 00:04:26]} {[%emt 00:00:40]} 56.
Qe2 {[%clk 00:01:03]} {[%emt 00:00:03]} Bf6 {[%clk 00:04:13]} {[%emt 00:00:43]}
57. Kxg3 {[%clk 00:00:59]} {[%emt 00:00:34]} Qb3+ {[%clk 00:04:17]} {[%emt
00:00:26]} 58. Kg2 {[%clk 00:01:17]} {[%emt 00:00:12]} Qc3 {[%clk 00:03:49]}
{[%emt 00:00:58]} 59. h5 {[%clk 00:00:56]} {[%emt 00:00:51]} g5 {[%clk
00:03:25]} {[%emt 00:00:54]} 60. Qg4 {[%clk 00:01:09]} {[%emt 00:00:16]} Kh6
{[%clk 00:03:00]} {[%emt 00:00:57]} 61. Re6 {[%clk 00:01:16]} {[%emt 00:00:19]}
Qd2+ {[%clk 00:03:05]} {[%emt 00:00:29]} 62. Qe2 {[%clk 00:01:18]} {[%emt
00:00:27]} Qd4 {[%clk 00:02:52]} {[%emt 00:00:44]} 63. Rxd6 {[%clk 00:00:55]}
{[%emt 00:00:52]} Kg7 {[%clk 00:02:20]} {[%emt 00:01:02]} 64. Re6 {[%clk
00:00:57]} {[%emt 00:00:28]} Kf7 {[%clk 00:02:18]} {[%emt 00:00:32]} 65. Qe4
{[%clk 00:00:52]} {[%emt 00:00:32]} Qd2+ {[%clk 00:02:30]} {[%emt 00:00:21]} 66.
Kf3 {[%clk 00:01:04]} {[%emt 00:00:16]} Qd1+ {[%clk 00:02:38]} {[%emt
00:00:25]} 67. Kg2 {[%clk 00:01:14]} {[%emt 00:00:17]} Qd2+ {[%clk 00:02:14]}
{[%emt 00:00:56]} 68. Qe2 {[%clk 00:01:29]} {[%emt 00:00:15]} Qd4 {[%clk
00:02:25]} {[%emt 00:00:19]} 69. Re8 {[%clk 00:01:39]} {[%emt 00:00:18]} Kg7
{[%clk 00:02:28]} {[%emt 00:00:30]} 70. Re4 {[%clk 00:01:42]} {[%emt 00:00:26]}
Qb6 {[%clk 00:01:58]} {[%emt 00:01:00]} 71. Qf2 {[%clk 00:01:10]} {[%emt
00:00:59]} Qb4 {[%clk 00:01:14]} {[%emt 00:01:18]} 72. h6+ {[%clk 00:01:27]}
{[%emt 00:00:12]} Kf7 {[%clk 00:01:15]} {[%emt 00:00:29]} 1-0

[Event "English Womens Championships 2024"]
[Site "Kenilworth, United Kingdom"]
[Date "2024.06.22"]
[Round "5.3"]
[White "Hryshchenko, Kamila"]
[Black "Rida, Ruqayyah"]
[Result "1-0"]
[TimeControl "G:90 minutes + 30 seconds added per move"]
[WhiteFideId "14147491"]
[BlackFideId "343272375"]
[WhiteElo "2161"]
[BlackElo "1962"]

1. e4 {[%clk 01:30:58]} {[%emt 00:00:01]} e5 {[%clk 01:30:55]} {[%emt
00:00:05]} 2. Nf3 {[%clk 01:31:24]} {[%emt 00:00:04]} Nc6 {[%clk 01:31:18]}
{[%emt 00:00:07]} 3. Bb5 {[%clk 01:31:50]} {[%emt 00:00:05]} a6 {[%clk
01:31:42]} {[%emt 00:00:06]} 4. Ba4 {[%clk 01:32:14]} {[%emt 00:00:06]} Nf6
{[%clk 01:32:07]} {[%emt 00:00:04]} 5. O-O {[%clk 01:32:06]} {[%emt 00:00:39]}
b5 {[%clk 01:32:25]} {[%emt 00:00:11]} 6. Bb3 {[%clk 01:31:57]} {[%emt
00:00:39]} Bc5 {[%clk 01:32:39]} {[%emt 00:00:16]} 7. a4 {[%clk 01:31:53]}
{[%emt 00:00:34]} Rb8 {[%clk 01:32:29]} {[%emt 00:00:40]} 8. axb5 {[%clk
01:32:01]} {[%emt 00:00:22]} axb5 {[%clk 01:32:45]} {[%emt 00:00:14]} 9. c3
{[%clk 01:31:55]} {[%emt 00:00:36]} d6 {[%clk 01:32:45]} {[%emt 00:00:30]} 10.
d4 {[%clk 01:31:29]} {[%emt 00:00:56]} Bb6 {[%clk 01:32:35]} {[%emt 00:00:40]}
11. h3 {[%clk 01:31:43]} {[%emt 00:00:16]} h6 {[%clk 01:30:13]} {[%emt
00:02:53]} 12. Re1 {[%clk 01:31:51]} {[%emt 00:00:21]} O-O {[%clk 01:30:21]}
{[%emt 00:00:22]} 13. Na3 {[%clk 01:31:54]} {[%emt 00:00:27]} Ba6 {[%clk
01:24:16]} {[%emt 00:06:35]} 14. Nc2 {[%clk 01:24:15]} {[%emt 00:08:09]} Bb7
{[%clk 01:21:36]} {[%emt 00:03:10]} 15. Qd3 {[%clk 01:18:43]} {[%emt 00:06:02]}
Qe8 {[%clk 01:12:05]} {[%emt 00:10:02]} 16. d5 {[%clk 01:14:29]} {[%emt
00:04:43]} Ne7 {[%clk 01:11:23]} {[%emt 00:01:12]} 17. Nh4 {[%clk 01:12:25]}
{[%emt 00:02:35]} Bc8 {[%clk 01:01:14]} {[%emt 00:10:39]} 18. Nb4 {[%clk
01:06:59]} {[%emt 00:05:56]} Kh7 {[%clk 00:50:45]} {[%emt 00:10:59]} 19. Bd1
{[%clk 00:59:57]} {[%emt 00:07:32]} Bd7 {[%clk 00:47:55]} {[%emt 00:03:20]} 20.
b3 {[%clk 00:53:43]} {[%emt 00:06:44]} Kh8 {[%clk 00:46:21]} {[%emt 00:02:04]}
21. Qf3 {[%clk 00:49:48]} {[%emt 00:04:24]} Nfg8 {[%clk 00:42:32]} {[%emt
00:04:19]} 22. g4 {[%clk 00:48:01]} {[%emt 00:02:18]} Ng6 {[%clk 00:37:54]}
{[%emt 00:05:08]} 23. Nf5 {[%clk 00:47:26]} {[%emt 00:01:05]} Qd8 {[%clk
00:35:45]} {[%emt 00:02:39]} 24. Qg3 {[%clk 00:46:24]} {[%emt 00:01:32]} N8e7
{[%clk 00:31:53]} {[%emt 00:04:22]} 25. Kh1 {[%clk 00:43:10]} {[%emt 00:03:43]}
Re8 {[%clk 00:24:40]} {[%emt 00:07:45]} 26. Ra2 {[%clk 00:41:35]} {[%emt
00:02:05]} Nxf5 {[%clk 00:22:28]} {[%emt 00:02:41]} 27. gxf5 {[%clk 00:38:04]}
{[%emt 00:04:01]} Nf4 {[%clk 00:22:29]} {[%emt 00:00:29]} 28. Rc2 {[%clk
00:30:17]} {[%emt 00:08:17]} Qg5 {[%clk 00:20:06]} {[%emt 00:02:52]} 29. h4
{[%clk 00:27:45]} {[%emt 00:03:02]} Qf6 {[%clk 00:19:26]} {[%emt 00:01:10]} 30.
Rg1 {[%clk 00:25:00]} {[%emt 00:03:15]} Re7 {[%clk 00:16:43]} {[%emt 00:03:14]}
31. Nd3 {[%clk 00:21:00]} {[%emt 00:04:30]} Rbe8 {[%clk 00:12:16]} {[%emt
00:04:58]} 32. Ne1 {[%clk 00:19:28]} {[%emt 00:02:01]} c6 {[%clk 00:11:50]}
{[%emt 00:00:56]} 33. c4 {[%clk 00:09:29]} {[%emt 00:10:29]} bxc4 {[%clk
00:11:05]} {[%emt 00:01:15]} 34. dxc6 {[%clk 00:08:37]} {[%emt 00:01:22]} Bxc6
{[%clk 00:10:52]} {[%emt 00:00:38]} 35. Rxc4 {[%clk 00:08:49]} {[%emt
00:00:23]} Bb7 {[%clk 00:10:36]} {[%emt 00:00:47]} 36. Bf3 {[%clk 00:08:03]}
{[%emt 00:01:14]} d5 {[%clk 00:07:46]} {[%emt 00:03:22]} 37. exd5 {[%clk
00:07:49]} {[%emt 00:00:43]} Bxd5 {[%clk 00:07:33]} {[%emt 00:00:43]} 38. Bxd5
{[%clk 00:06:25]} {[%emt 00:01:54]} Nxd5 {[%clk 00:07:59]} {[%emt 00:00:04]} 39.
Nd3 {[%clk 00:05:47]} {[%emt 00:01:09]} Bd4 {[%clk 00:07:17]} {[%emt 00:01:11]}
40. Rc6 {[%clk 00:05:43]} {[%emt 00:00:34]} 1-0

[Event "English Womens Championships 2024"]
[Site "Kenilworth, United Kingdom"]
[Date "2024.06.22"]
[Round "5.5"]
[White "Latypova, Olga L"]
[Black "Longson, Sarah N"]
[Result "1/2-1/2"]
[TimeControl "G:90 minutes + 30 seconds added per move"]
[WhiteFideId "472476"]
[BlackFideId "2501465"]
[WhiteElo "1827"]
[BlackElo "1981"]

1. e4 {[%clk 01:30:56]} {[%emt 00:00:04]} e5 {[%clk 01:30:57]} {[%emt
00:00:04]} 2. Nf3 {[%clk 01:31:17]} {[%emt 00:00:08]} Nc6 {[%clk 01:31:23]}
{[%emt 00:00:05]} 3. Bc4 {[%clk 01:31:39]} {[%emt 00:00:07]} Be7 {[%clk
01:31:40]} {[%emt 00:00:13]} 4. O-O {[%clk 01:31:49]} {[%emt 00:00:20]} Nf6
{[%clk 01:32:06]} {[%emt 00:00:05]} 5. d3 {[%clk 01:32:09]} {[%emt 00:00:10]}
O-O {[%clk 01:32:02]} {[%emt 00:00:34]} 6. Nc3 {[%clk 01:32:00]} {[%emt
00:00:38]} d6 {[%clk 01:31:07]} {[%emt 00:01:26]} 7. h3 {[%clk 01:32:06]}
{[%emt 00:00:23]} Na5 {[%clk 01:30:42]} {[%emt 00:00:56]} 8. Qe2 {[%clk
01:31:08]} {[%emt 00:01:27]} Nxc4 {[%clk 01:30:37]} {[%emt 00:00:37]} 9. dxc4
{[%clk 01:31:29]} {[%emt 00:00:08]} h6 {[%clk 01:29:36]} {[%emt 00:01:31]} 10.
Rd1 {[%clk 01:29:41]} {[%emt 00:02:17]} Qe8 {[%clk 01:22:37]} {[%emt 00:07:29]}
11. c5 {[%clk 01:25:19]} {[%emt 00:04:51]} Qc6 {[%clk 01:18:23]} {[%emt
00:04:44]} 12. Qb5 {[%clk 01:19:49]} {[%emt 00:06:00]} Bd7 {[%clk 01:17:45]}
{[%emt 00:01:09]} 13. Qxc6 {[%clk 01:14:41]} {[%emt 00:05:37]} Bxc6 {[%clk
01:18:00]} {[%emt 00:00:16]} 14. Nd5 {[%clk 01:13:16]} {[%emt 00:01:54]} Nxd5
{[%clk 01:13:45]} {[%emt 00:04:46]} 15. exd5 {[%clk 01:13:36]} {[%emt
00:00:10]} Bd7 {[%clk 01:02:25]} {[%emt 00:11:50]} 16. cxd6 {[%clk 01:10:02]}
{[%emt 00:04:03]} Bxd6 {[%clk 01:02:21]} {[%emt 00:00:35]} 17. Nd2 {[%clk
01:09:54]} {[%emt 00:00:38]} Bf5 {[%clk 01:01:21]} {[%emt 00:01:30]} 18. c4
{[%clk 01:07:16]} {[%emt 00:03:07]} a5 {[%clk 00:56:36]} {[%emt 00:05:16]} 19.
a3 {[%clk 01:05:58]} {[%emt 00:01:48]} a4 {[%clk 00:55:40]} {[%emt 00:01:27]}
20. Re1 {[%clk 01:06:09]} {[%emt 00:00:18]} Bc2 {[%clk 00:43:39]} {[%emt
00:12:31]} 21. Ne4 {[%clk 00:58:16]} {[%emt 00:08:22]} Be7 {[%clk 00:38:35]}
{[%emt 00:05:35]} 22. Bd2 {[%clk 00:54:07]} {[%emt 00:04:38]} Bb3 {[%clk
00:31:57]} {[%emt 00:07:09]} 23. Rac1 {[%clk 00:52:14]} {[%emt 00:02:22]} f5
{[%clk 00:29:59]} {[%emt 00:02:29]} 24. Ng3 {[%clk 00:52:06]} {[%emt 00:00:37]}
f4 {[%clk 00:24:38]} {[%emt 00:05:53]} 25. Ne4 {[%clk 00:50:46]} {[%emt
00:01:49]} b6 {[%clk 00:21:40]} {[%emt 00:03:29]} 26. Bb4 {[%clk 00:49:37]}
{[%emt 00:01:38]} Rfe8 {[%clk 00:20:24]} {[%emt 00:01:46]} 27. Nd2 {[%clk
00:47:31]} {[%emt 00:02:36]} Bf6 {[%clk 00:19:22]} {[%emt 00:01:33]} 28. Re4
{[%clk 00:47:00]} {[%emt 00:00:59]} Ba2 {[%clk 00:17:07]} {[%emt 00:02:47]} 29.
Ra1 {[%clk 00:42:19]} {[%emt 00:05:11]} Bb3 {[%clk 00:17:35]} {[%emt 00:00:02]}
30. Nxb3 {[%clk 00:42:28]} {[%emt 00:00:21]} axb3 {[%clk 00:18:03]} {[%emt
00:00:02]} 31. Rae1 {[%clk 00:42:16]} {[%emt 00:00:40]} Rad8 {[%clk 00:12:40]}
{[%emt 00:05:54]} 32. Bc3 {[%clk 00:39:17]} {[%emt 00:03:30]} Re7 {[%clk
00:12:56]} {[%emt 00:00:14]} 33. Bb4 {[%clk 00:38:34]} {[%emt 00:01:13]} Red7
{[%clk 00:12:05]} {[%emt 00:01:21]} 34. f3 {[%clk 00:37:54]} {[%emt 00:01:08]}
b5 {[%clk 00:11:54]} {[%emt 00:00:43]} 35. Bc3 {[%clk 00:36:47]} {[%emt
00:01:36]} bxc4 {[%clk 00:12:10]} {[%emt 00:00:15]} 36. Rxc4 {[%clk 00:37:03]}
{[%emt 00:00:13]} Rxd5 {[%clk 00:12:14]} {[%emt 00:00:27]} 37. Rxc7 {[%clk
00:37:01]} {[%emt 00:00:32]} Rd1 {[%clk 00:12:33]} {[%emt 00:00:12]} 38. Kf1
{[%clk 00:33:35]} {[%emt 00:03:54]} Bh4 {[%clk 00:12:25]} {[%emt 00:00:38]} 39.
Rxd1 {[%clk 00:33:58]} {[%emt 00:00:07]} Rxd1+ {[%clk 00:12:54]} {[%emt
00:00:02]} 40. Ke2 {[%clk 00:34:15]} {[%emt 00:00:12]} Rg1 {[%clk 00:13:15]}
{[%emt 00:00:09]} 41. Kd3 {[%clk 00:34:12]} {[%emt 00:00:32]} Bf6 {[%clk
00:11:18]} {[%emt 00:02:29]} 42. Kc4 {[%clk 00:32:43]} {[%emt 00:01:58]} Rxg2
{[%clk 00:11:32]} {[%emt 00:00:17]} 43. Rd7 {[%clk 00:23:02]} {[%emt 00:10:11]}
e4 {[%clk 00:10:16]} {[%emt 00:01:47]} 44. fxe4 {[%clk 00:21:21]} {[%emt
00:02:09]} Bxc3 {[%clk 00:07:59]} {[%emt 00:02:48]} 45. Kxc3 {[%clk 00:20:21]}
{[%emt 00:01:30]} Rg3+ {[%clk 00:08:01]} {[%emt 00:00:28]} 46. Kb4 {[%clk
00:17:37]} {[%emt 00:03:13]} f3 {[%clk 00:06:00]} {[%emt 00:02:32]} 47. Rd1
{[%clk 00:17:41]} {[%emt 00:00:25]} f2 {[%clk 00:06:27]} {[%emt 00:00:04]} 48.
Rf1 {[%clk 00:17:47]} {[%emt 00:00:24]} Rf3 {[%clk 00:06:49]} {[%emt 00:00:09]}
49. a4 {[%clk 00:17:47]} {[%emt 00:00:30]} Kf7 {[%clk 00:05:22]} {[%emt
00:01:56]} 50. a5 {[%clk 00:18:08]} {[%emt 00:00:09]} Ke6 {[%clk 00:05:34]}
{[%emt 00:00:18]} 51. a6 {[%clk 00:18:29]} {[%emt 00:00:09]} Rf7 {[%clk
00:05:04]} {[%emt 00:01:00]} 52. Kb5 {[%clk 00:17:35]} {[%emt 00:01:25]} Ke5
{[%clk 00:04:01]} {[%emt 00:01:33]} 53. a7 {[%clk 00:14:12]} {[%emt 00:03:53]}
Rxa7 {[%clk 00:04:23]} {[%emt 00:00:08]} 54. Rxf2 {[%clk 00:14:36]} {[%emt
00:00:05]} Kxe4 {[%clk 00:04:49]} {[%emt 00:00:04]} 55. Kc4 {[%clk 00:14:54]}
{[%emt 00:00:12]} Rb7 {[%clk 00:05:08]} {[%emt 00:00:12]} 56. Rf1 {[%clk
00:14:09]} {[%emt 00:01:14]} h5 {[%clk 00:04:41]} {[%emt 00:00:58]} 57. h4
{[%clk 00:14:13]} {[%emt 00:00:25]} Rb6 {[%clk 00:04:04]} {[%emt 00:01:08]} 58.
Rf7 {[%clk 00:13:58]} {[%emt 00:00:45]} g6 {[%clk 00:04:13]} {[%emt 00:00:22]}
59. Rf1 {[%clk 00:13:56]} {[%emt 00:00:30]} Ke3 {[%clk 00:04:25]} {[%emt
00:00:20]} 60. Kc3 {[%clk 00:14:16]} {[%emt 00:00:09]} Ke2 {[%clk 00:04:12]}
{[%emt 00:00:43]} 61. Rf7 {[%clk 00:14:27]} {[%emt 00:00:18]} 1/2-1/2